[Event "BRA-ch 90th"]
[Site "Natal"]
[Date "2024.12.20"]
[Round "10"]
[White "Macedo, Maximo Iack Miranda"]
[Black "De Oliveira, Daniel Paiva"]
[Result "0-1"]
[WhiteElo "2339"]
[BlackElo "2053"]
[PlyCount "72"]
[EventDate "2024.12.13"]
[EventType "swiss"]
[EventRounds "11"]
[EventCountry "BRA"]
[SourceTitle "CB52_2024"]
[SourceDate "2024.12.25"]
[SourceVersion "1"]
[SourceVersionDate "2024.12.25"]
[SourceQuality "1"]

1. d4 Nf6 2. c4 g6 3. Nc3 Bg7 4. e4 d6 5. Nf3 0-0 6. Be2 c5 7. 0-0 cxd4 8. Nxd4 Nc6 9. Be3 Bd7 10. Qd2 Nxd4 11. Bxd4 Bc6 12. f3 Nd7 13. Bf2 Nc5 14. Rab1 a5 15. b3 h5 16. Rfd1 Kh7 17. a3 Bh6 18. Qc2 Ne6 19. Nd5 Nf4 20. Bf1 Rc8 21. Bb6 Qe8 22. Bxa5 b5 23. Nxf4 Bxf4 24. Bd2 Be5 25. Rdc1 Qd7 26. Qd1 bxc4 27. Bxc4 Qa7+ 28. Kh1 Qxa3 29. b4 Bb2 30. Bc3 Bd7 31. Bd2 Bc6 32. Rxb2 Qxb2 33. Bc3 Qc2 34. Bd2 Qa4 35. Kg1 Bd7 36. Ba6 Rxc1 0-1

[Event "BRA-ch 90th"]
[Site "Natal"]
[Date "2024.12.19"]
[Round "9"]
[White "Torres, Jose Belo"]
[Black "Macedo, Maximo Iack Miranda"]
[Result "0-1"]
[WhiteElo "2033"]
[BlackElo "2339"]
[PlyCount "66"]
[EventDate "2024.12.13"]
[EventType "swiss"]
[EventRounds "11"]
[EventCountry "BRA"]
[SourceTitle "CB52_2024"]
[SourceDate "2024.12.25"]
[SourceVersion "1"]
[SourceVersionDate "2024.12.25"]
[SourceQuality "1"]

1. e4 Nf6 2. Nc3 d6 3. d4 e5 4. dxe5 dxe5 5. Qxd8+ Kxd8 6. Bg5 Be6 7. 0-0-0+ Nbd7 8. Bxf6+ gxf6 9. a3 c6 10. Nge2 Kc7 11. g3 b5 12. f4 Nb6 13. f5 Bc8 14. Kb1 a5 15. Nc1 b4 16. axb4 axb4 17. N3a2 Bb7 18. c4 c5 19. Bd3 Rd8 20. Kc2 Ba6 21. b3 Bh6 22. Be2 Bb7 23. Bf3 Nc8 24. Nd3 Be3 25. Rhe1 Bd4 26. Nac1 Nd6 27. g4 h5 28. Ne2 hxg4 29. Nxd4 gxf3 30. Nb5+ Nxb5 31. cxb5 Rxh2+ 32. Rd2 Rxd2+ 33. Kxd2 f2 0-1

[Event "BRA-ch 90th"]
[Site "Natal"]
[Date "2024.12.17"]
[Round "7"]
[White "Patroclo, Arthur Ruiz"]
[Black "Macedo, Maximo Iack Miranda"]
[Result "0-1"]
[WhiteElo "2108"]
[BlackElo "2339"]
[PlyCount "128"]
[EventDate "2024.12.13"]
[EventType "swiss"]
[EventRounds "11"]
[EventCountry "BRA"]
[SourceTitle "CB52_2024"]
[SourceDate "2024.12.25"]
[SourceVersion "1"]
[SourceVersionDate "2024.12.25"]
[SourceQuality "1"]

1. b4 e5 2. Bb2 f6 3. b5 d5 4. e3 Bd6 5. d4 e4 6. c4 c6 7. Qb3 Ne7 8. Nc3 f5 9. a4 Be6 10. a5 Nd7 11. Nh3 a6 12. b6 Rc8 13. cxd5 cxd5 14. Ba3 Bxa3 15. Qxa3 0-0 16. Ng5 Rc6 17. Be2 Nf6 18. Nxe6 Rxe6 19. Na4 Nd7 20. Rc1 f4 21. exf4 Nc6 22. f5 Rh6 23. Nc5 Nxc5 24. Qxc5 Rxf5 25. 0-0 Qh4 26. h3 Qf6 27. Rc3 Qd6 28. Rfc1 Qf4 29. Rf1 Qd6 30. Qxd6 Rxd6 31. Rc5 Nxd4 32. Bxa6 bxa6 33. b7 Rf8 34. Rc8 Rdd8 35. b8Q Rxc8 36. Qe5 Ne2+ 37. Kh2 Rfd8 38. Qe6+ Kh8 39. Qxa6 Nc3 40. Rc1 d4 41. Qb6 Rb8 42. Qc5 Rbc8 43. Qe7 Re8 44. Qg5 h6 45. Qd2 e3 46. Qxd4 e2 47. Qg4 Rcd8 48. Qg6 e1Q 49. Rxe1 Rxe1 50. f4 Ree8 51. f5 Ne4 52. Qc6 Nf6 53. a6 Re7 54. Qc5 Red7 55. g4 Ra8 56. Qc4 Rda7 57. Kg3 Rxa6 58. Qf7 Ne4+ 59. Kh4 Ng5 60. Qb7 R6a7 61. Qc6 Ra6 62. Qb7 Ra3 63. Kh5 Nxh3 64. f6 Nf4+ 0-1

[Event "BRA-ch 90th"]
[Site "Natal"]
[Date "2024.12.15"]
[Round "4"]
[White "Macedo, Maximo Iack Miranda"]
[Black "Peixoto, Helio Ricardo Souti"]
[Result "1-0"]
[WhiteElo "2339"]
[BlackElo "1917"]
[PlyCount "113"]
[EventDate "2024.12.13"]
[EventType "swiss"]
[EventRounds "11"]
[EventCountry "BRA"]
[SourceTitle "CB52_2024"]
[SourceDate "2024.12.25"]
[SourceVersion "1"]
[SourceVersionDate "2024.12.25"]
[SourceQuality "1"]

1. d4 Nf6 2. Nc3 c5 3. d5 d6 4. e4 g6 5. f4 Bg7 6. Bb5+ Nfd7 7. a4 a6 8. Bc4 Qa5 9. Bd2 Qb4 10. Be2 0-0 11. Bf3 Qb6 12. Nge2 c4 13. Qc1 Nc5 14. a5 Qc7 15. 0-0 Nbd7 16. Ng3 b5 17. axb6 Qxb6 18. Kh1 Rb8 19. Ra2 Bb7 20. f5 Ne5 21. Be2 Ncd7 22. Be3 Qc7 23. Bh6 Nf6 24. h3 Qc5 25. Qg5 Qc7 26. Bd1 Rfe8 27. Nce2 c3 28. b3 Bc8 29. Bxg7 Kxg7 30. Qe3 h5 31. Nxc3 h4 32. Nge2 Rb4 33. Ra4 Qc5 34. Nd4 Bd7 35. Rxb4 Qxb4 36. Nce2 a5 37. c3 Qc5 38. fxg6 fxg6 39. Nf4 Kf7 40. Bc2 Rc8 41. Nfe2 Rh8 42. Qg5 Rh5 43. Qd2 a4 44. bxa4 Nc4 45. Qf4 g5 46. Qf2 g4 47. hxg4 Bxg4 48. Nf4 Rh6 49. Nd3 Qb6 50. Nf5 Qxf2 51. Nxh6+ Kg7 52. Nxf2 Kxh6 53. Nxg4+ Nxg4 54. Rf7 Nce3 55. Bb1 Nd1 56. a5 Nxc3 57. a6 1-0

[Event "BRA-ch 86th"]
[Site "Natal"]
[Date "2020.01.13"]
[Round "2.2"]
[White "Diamant, Andre"]
[Black "Macedo, Maximo Iack Miranda"]
[Result "1-0"]
[WhiteElo "2547"]
[BlackElo "2324"]
[PlyCount "57"]
[EventDate "2020.01.10"]
[EventType "k.o."]
[EventRounds "4"]
[EventCountry "BRA"]
[SourceTitle "CBM 194 Extra"]
[Source "ChessBase"]
[SourceDate "2020.03.31"]
[SourceVersion "1"]
[SourceVersionDate "2020.03.31"]
[SourceQuality "1"]

1. c4 e6 2. Nf3 Nf6 3. g3 d5 4. Bg2 dxc4 5. Qa4+ Bd7 6. Qxc4 c5 7. Ne5 Qc8 8. Nxd7 Qxd7 9. 0-0 Nc6 10. Qa4 Rc8 11. Nc3 Be7 12. a3 Rb8 13. d3 b5 14. Nxb5 Nd4 15. Nxd4 Qxa4 16. Bc6+ Qxc6 17. Nxc6 Rb6 18. Nxe7 Kxe7 19. b4 cxb4 20. Be3 Rc6 21. axb4 a6 22. Bc5+ Kd7 23. e4 Kc7 24. Ra3 Rd8 25. Rfa1 Kb7 26. Be3 Ng4 27. b5 axb5 28. Ra7+ Kc8 29. Rxf7 1-0

[Event "BRA-ch 86th"]
[Site "Natal"]
[Date "2020.01.11"]
[Round "1.1"]
[White "Brito, Luismar"]
[Black "Macedo, Maximo Iack Miranda"]
[Result "1-0"]
[WhiteElo "2227"]
[BlackElo "2324"]
[PlyCount "67"]
[EventDate "2020.01.10"]
[EventType "k.o."]
[EventRounds "4"]
[EventCountry "BRA"]
[SourceTitle "CBM 194 Extra"]
[Source "ChessBase"]
[SourceDate "2020.03.31"]
[SourceVersion "1"]
[SourceVersionDate "2020.03.31"]
[SourceQuality "1"]

1. Nc3 d5 2. d4 Nf6 3. Bf4 a6 4. Qd3 e6 5. e4 c5 6. Nf3 c4 7. Qe3 Be7 8. Be2 b5 9. exd5 exd5 10. Ne5 0-0 11. 0-0 Bf5 12. Bd1 Ne4 13. Nxe4 Bxe4 14. Qh3 Qb6 15. Be3 f6 16. Nf3 Bg6 17. Nh4 Bf7 18. Nf5 Re8 19. Bf3 Bf8 20. c3 Nc6 21. Bf4 b4 22. Qg3 Be6 23. Ne3 Ne7 24. Rfe1 Bf7 25. Bd6 bxc3 26. bxc3 Qc6 27. h4 Rad8 28. Bc5 Nc8 29. Nf5 Bg6 30. Bxf8 Kxf8 31. Ne3 Be4 32. h5 Nd6 33. h6 g6 34. Bg4 1-0

[Event "BRA-ch 86th"]
[Site "Natal"]
[Date "2020.01.11"]
[Round "1.3"]
[White "Macedo, Maximo Iack Miranda"]
[Black "Brito, Luismar"]
[Result "1-0"]
[WhiteElo "2324"]
[BlackElo "2227"]
[PlyCount "87"]
[EventDate "2020.01.10"]
[EventType "k.o."]
[EventRounds "4"]
[EventCountry "BRA"]
[SourceTitle "CBM 194 Extra"]
[Source "ChessBase"]
[SourceDate "2020.03.31"]
[SourceVersion "1"]
[SourceVersionDate "2020.03.31"]
[SourceQuality "1"]

1. d4 b6 2. e4 Bb7 3. Bd3 Nf6 4. Qe2 Nc6 5. c3 e5 6. d5 Ne7 7. f3 Ng6 8. g3 c6 9. c4 Bc5 10. Nc3 Bd4 11. f4 Qc7 12. Nf3 Bxc3+ 13. bxc3 exf4 14. d6 Qd8 15. e5 0-0 16. 0-0 fxg3 17. exf6 Qxf6 18. c5 Rae8 19. Qb2 Nf4 20. Bxf4 Qxf4 21. Rad1 Re3 22. hxg3 Qg4 23. Qf2 Rfe8 24. Rde1 Rxe1 25. Rxe1 Rxe1+ 26. Qxe1 g6 27. Qe8+ Kg7 28. Qe5+ Kg8 29. Ng5 Qd1+ 30. Bf1 Qd5 31. Qxd5 cxd5 32. cxb6 axb6 33. Bb5 Bc8 34. Nh3 f5 35. Nf4 Kf7 36. Nxd5 Ke6 37. Nxb6 Bb7 38. Nxd7 Kxd6 39. Nf8 g5 40. Nxh7 f4 41. Kf2 fxg3+ 42. Kxg3 Kc5 43. Bd3 Bd5 44. a3 1-0

[Event "Brasilia Terraviva op"]
[Site "Brasilia"]
[Date "2019.01.10"]
[Round "1"]
[White "Passos, Joaquim Neves"]
[Black "Macedo, Maximo Iack Miranda"]
[Result "0-1"]
[WhiteElo "1736"]
[BlackElo "2349"]
[PlyCount "44"]
[EventDate "2019.01.10"]
[EventType "swiss"]
[EventRounds "7"]
[EventCountry "BRA"]
[SourceTitle "CBM 188 Extra"]
[Source "ChessBase"]
[SourceDate "2019.02.28"]
[SourceVersion "1"]
[SourceVersionDate "2019.02.28"]
[SourceQuality "1"]

1. c4 e6 2. Nc3 d5 3. d4 c6 4. e4 dxe4 5. Nxe4 Bb4+ 6. Nc3 c5 7. Nf3 Nf6 8. Bg5 Nc6 9. d5 exd5 10. cxd5 Qxd5 11. Bxf6 Qe6+ 12. Be2 Qxf6 13. Rc1 0-0 14. 0-0 Bxc3 15. Rxc3 b6 16. Qc1 Bb7 17. Bc4 Rad8 18. Nd2 Ne5 19. Rg3 Qf4 20. Rd1 Nxc4 21. Qc3 Qd4 22. Nf1 Qxc3 0-1

[Event "Potiguar-ch final"]
[Site "Natal"]
[Date "2018.12.10"]
[Round "7"]
[White "Rocha, Vitor Firmo de Souz"]
[Black "Macedo, Maximo Iack Miranda"]
[Result "1/2-1/2"]
[WhiteElo "2160"]
[BlackElo "2348"]
[PlyCount "32"]
[EventDate "2018.12.06"]
[EventType "tourn"]
[EventRounds "9"]
[EventCountry "BRA"]
[SourceTitle "EXT 2021"]
[Source "ChessBase"]
[SourceDate "2020.10.23"]
[SourceVersion "1"]
[SourceVersionDate "2020.10.23"]
[SourceQuality "1"]

1. e4 e5 2. Nf3 Nc6 3. d4 exd4 4. Bc4 Bb4+ 5. c3 dxc3 6. 0-0 d6 7. Qb3 Qd7 8. Nxc3 Bxc3 9. Qxc3 Nf6 10. Bg5 Nh5 11. Rad1 h6 12. Bh4 0-0 13. Rfe1 Qg4 14. Bg3 Nxg3 15. hxg3 Bd7 16. e5 Rae8 1/2-1/2

[Event "Potiguar-ch final"]
[Site "Natal"]
[Date "2018.12.09"]
[Round "6"]
[White "Macedo, Maximo Iack Miranda"]
[Black "Do Nascimento, Davi Alves"]
[Result "1-0"]
[WhiteElo "2348"]
[BlackElo "1526"]
[PlyCount "67"]
[EventDate "2018.12.06"]
[EventType "tourn"]
[EventRounds "9"]
[EventCountry "BRA"]
[SourceTitle "EXT 2021"]
[Source "ChessBase"]
[SourceDate "2020.10.23"]
[SourceVersion "1"]
[SourceVersionDate "2020.10.23"]
[SourceQuality "1"]

1. d4 Nf6 2. c4 e6 3. Nc3 Bb4 4. f3 c5 5. d5 exd5 6. cxd5 Bxc3+ 7. bxc3 d6 8. e4 0-0 9. Bd3 Nbd7 10. Ne2 Ne5 11. 0-0 c4 12. Bc2 b5 13. a4 bxa4 14. Rxa4 Bd7 15. Ra2 a6 16. Nd4 Bb5 17. Bg5 h6 18. Be3 Re8 19. Qd2 Ng6 20. Rb1 Bd7 21. Ba4 Bxa4 22. Rxa4 Ne5 23. Nf5 h5 24. Rb6 Rb8 25. Rab4 Rxb6 26. Rxb6 a5 27. Rxd6 Qa8 28. Bd4 a4 29. Qg5 Ng6 30. Rxf6 Rb8 31. Nh6+ gxh6 32. Rxg6+ fxg6 33. Qxg6+ Kf8 34. Bc5# 1-0

[Event "Natal Potiguar-ch"]
[Site "Natal"]
[Date "2018.01.28"]
[Round "8"]
[White "Macedo, Maximo Iack Miranda"]
[Black "Rocha, Vitor Firmo de Souz"]
[Result "0-1"]
[WhiteElo "2358"]
[BlackElo "2219"]
[PlyCount "73"]
[EventDate "2018.01.19"]
[EventType "tourn"]
[EventRounds "9"]
[EventCountry "BRA"]
[SourceTitle "CBM 182 Extra"]
[Source "ChessBase"]
[SourceDate "2018.02.23"]
[SourceVersion "1"]
[SourceVersionDate "2018.02.23"]
[SourceQuality "1"]

1. d4 d5 2. c4 e6 3. Nc3 Nf6 4. Bg5 Bb4 5. cxd5 exd5 6. e3 h6 7. Bxf6 Qxf6 8. Qb3 Qd6 9. Bd3 0-0 10. Nge2 c6 11. Rc1 Nd7 12. 0-0 Nf6 13. Bb1 Re8 14. Qc2 Bd7 15. Ng3 g6 16. Rfe1 Bxc3 17. bxc3 h5 18. f3 h4 19. Nf1 Bf5 20. Qf2 Bxb1 21. Rxb1 Re7 22. Qxh4 Kg7 23. Qf2 a5 24. Qc2 c5 25. Rb5 cxd4 26. cxd4 a4 27. Reb1 Rc7 28. Qf2 Rac8 29. R1b2 a3 30. Re2 Rc1 31. Rxb7 Qa6 32. Rb3 Ra1 33. Re1 Rxe1 34. Qxe1 Rc2 35. Rb8 Rxa2 36. Qb4 Nd7 37. Qb5 0-1

[Event "Natal Potiguar-ch"]
[Site "Natal"]
[Date "2018.01.20"]
[Round "2"]
[White "Frankental, David"]
[Black "Macedo, Maximo Iack Miranda"]
[Result "0-1"]
[WhiteElo "1937"]
[BlackElo "2358"]
[PlyCount "50"]
[EventDate "2018.01.19"]
[EventType "tourn"]
[EventRounds "9"]
[EventCountry "BRA"]
[SourceTitle "CBM 182 Extra"]
[Source "ChessBase"]
[SourceDate "2018.02.23"]
[SourceVersion "1"]
[SourceVersionDate "2018.02.23"]
[SourceQuality "1"]

1. d4 Nf6 2. c4 Nc6 3. Nf3 e6 4. g3 d5 5. Bg2 dxc4 6. Qa4 Bb4+ 7. Bd2 Nd5 8. 0-0 Bd7 9. Qc2 b5 10. e4 Nf6 11. d5 exd5 12. exd5 Nxd5 13. Ne5 Nxe5 14. Bxd5 Bd6 15. Bc3 0-0 16. Bxe5 Bxe5 17. Bxa8 Qxa8 18. Nd2 Bh3 19. Qe4 Qxe4 20. Nxe4 Bxf1 21. Kxf1 Bxb2 22. Rb1 c3 23. Nxc3 Bxc3 24. Rxb5 Bd4 25. a4 f5 0-1

[Event "Agua Preta op"]
[Site "Agua Preta"]
[Date "2017.11.26"]
[Round "6"]
[White "Brito, Luismar"]
[Black "Macedo, Maximo Iack Miranda"]
[Result "1/2-1/2"]
[WhiteElo "2279"]
[BlackElo "2350"]
[PlyCount "34"]
[EventDate "2017.11.24"]
[EventType "swiss"]
[EventRounds "6"]
[EventCountry "BRA"]
[SourceTitle "CBM 181 Extra"]
[Source "ChessBase"]
[SourceDate "2017.12.12"]
[SourceVersion "1"]
[SourceVersionDate "2017.12.12"]
[SourceQuality "1"]

1. b3 d5 2. Bb2 Bg4 3. Nf3 Nd7 4. c4 e6 5. e3 Ngf6 6. Be2 c6 7. 0-0 h6 8. d3 Be7 9. Nbd2 0-0 10. Nd4 Bxe2 11. Qxe2 Re8 12. Rfd1 Bf8 13. N2f3 e5 14. Nf5 g6 15. Ng3 a6 16. Qc2 Bd6 17. Rac1 Qe7 1/2-1/2

[Event "Agua Preta op"]
[Site "Agua Preta"]
[Date "2017.11.26"]
[Round "5"]
[White "Macedo, Maximo Iack Miranda"]
[Black "Bouwman, Marcelo Wanderley"]
[Result "1/2-1/2"]
[WhiteElo "2350"]
[BlackElo "2224"]
[PlyCount "82"]
[EventDate "2017.11.24"]
[EventType "swiss"]
[EventRounds "6"]
[EventCountry "BRA"]
[SourceTitle "CBM 181 Extra"]
[Source "ChessBase"]
[SourceDate "2017.12.12"]
[SourceVersion "1"]
[SourceVersionDate "2017.12.12"]
[SourceQuality "1"]

1. c4 e5 2. Nc3 Nf6 3. Nf3 d6 4. d4 Nbd7 5. e4 Be7 6. Be2 0-0 7. h3 Re8 8. d5 c6 9. Be3 Nf8 10. Qc2 cxd5 11. cxd5 a6 12. a4 Ng6 13. 0-0 h6 14. a5 Rf8 15. Na4 Bd7 16. Nb6 Rb8 17. Rfc1 Ne8 18. Nxd7 Qxd7 19. Qa4 Qxa4 20. Rxa4 f5 21. exf5 Rxf5 22. Bd3 Rf6 23. Rac4 Nf4 24. Rc8 Rxc8 25. Rxc8 Nxd3 26. Rxe8+ Kf7 27. Rb8 Nxb2 28. Nd2 Rg6 29. Rxb7 Nd3 30. Kf1 Ke8 31. Rb6 Bd8 32. Rxa6 Nb4 33. Ra8 Kd7 34. Bb6 Bc7 35. Nc4 Nxd5 36. Ra7 Kc8 37. Bxc7 Nxc7 38. a6 d5 39. Nxe5 Rxa6 40. Rxa6 Nxa6 41. Ng4 Kd7 1/2-1/2

[Event "Luiz Rego Memorial 5th"]
[Site "Teresina"]
[Date "2017.08.04"]
[Round "1"]
[White "Serafim Junior, Arnor"]
[Black "Macedo, Maximo Iack Miranda"]
[Result "1/2-1/2"]
[WhiteElo "1845"]
[BlackElo "2364"]
[PlyCount "133"]
[EventDate "2017.08.04"]
[EventType "swiss"]
[EventRounds "6"]
[EventCountry "BRA"]
[SourceTitle "CBM 180 Extra"]
[Source "ChessBase"]
[SourceDate "2017.10.06"]
[SourceVersion "1"]
[SourceVersionDate "2017.10.06"]
[SourceQuality "1"]

1. Nf3 d5 2. g3 c5 3. Bg2 Nc6 4. d3 e5 5. 0-0 Be7 6. Nbd2 Be6 7. e4 d4 8. Nc4 Bf6 9. a4 g5 10. Ne1 g4 11. f4 gxf3 12. Qxf3 h5 13. h3 Qe7 14. Qf2 0-0-0 15. Nf3 Rf8 16. Bd2 Qd7 17. Kh2 Qc7 18. Na3 Kb8 19. Rfb1 Be7 20. Ng5 Bc8 21. Rf1 Nh6 22. Qe1 f6 23. Nf3 Rfg8 24. Nh4 Bd8 25. Nb5 Qe7 26. Bxh6 Rxh6 27. Nf5 Bxf5 28. exf5 Nb4 29. Qf2 a6 30. Na3 Rh7 31. Be4 Qd7 32. Nc4 Rhg7 33. Rg1 Rg5 34. Rg2 Nd5 35. a5 Bc7 36. Ra3 Ka7 37. Rb3 b5 38. axb6+ Nxb6 39. Nxb6 Bxb6 40. Qf3 Rh8 41. Bd5 Qxf5 42. Rf2 Qxf3 43. Rxf3 Rf8 44. Rf1 f5 45. h4 Rg7 46. Be4 f4 47. gxf4 Rxf4 48. Rxf4 exf4 49. c3 Rg4 50. Kh3 Rg3+ 51. Kh2 Re3 52. cxd4 cxd4 53. Bg6 Re2+ 54. Kg1 Re6 55. Bxh5 Rh6 56. Bf3 Rxh4 57. Kg2 Rh7 58. Be4 Rf7 59. Kf3 Rf6 60. Kg4 a5 61. Rb5 Ka6 62. Rf5 Rxf5 63. Bxf5 Bc7 64. b3 Kb5 65. Be6 Kb4 66. Bc4 Kc3 67. Kf3 1/2-1/2

[Event "Natal Potiguar op"]
[Site "Natal"]
[Date "2017.06.04"]
[Round "6"]
[White "Macedo, Maximo Iack Miranda"]
[Black "Chang, Suzana"]
[Result "1-0"]
[WhiteElo "2361"]
[BlackElo "2127"]
[PlyCount "67"]
[EventDate "2017.06.02"]
[EventType "swiss"]
[EventRounds "6"]
[EventCountry "BRA"]
[SourceTitle "EXT 2018"]
[Source "ChessBase"]
[SourceDate "2017.10.13"]
[SourceVersion "1"]
[SourceVersionDate "2017.10.13"]
[SourceQuality "1"]

1. d4 Nf6 2. c4 g6 3. Nc3 Bg7 4. e4 d6 5. Nf3 0-0 6. Be2 Na6 7. Be3 e5 8. 0-0 Ng4 9. Bg5 Qe8 10. dxe5 dxe5 11. Nd2 h6 12. Bh4 Nf6 13. Nd5 g5 14. Bg3 c6 15. Ne3 Nc5 16. Qc2 a5 17. Rfe1 Nfd7 18. Nf5 Ne6 19. Nf1 f6 20. Rad1 Ndc5 21. N1e3 Nf4 22. Rd2 Kh8 23. Red1 Nxe2+ 24. Rxe2 Be6 25. Red2 Rg8 26. h4 Bf8 27. hxg5 Rxg5 28. Bh4 Rg6 29. f3 b5 30. cxb5 Bxa2 31. Nd6 Bb3 32. Nxe8 Bxc2 33. Nxc2 Rxe8 34. Rd8 1-0

[Event "Joao Pessoa Fischer Memorial 8th"]
[Site "Joao Pessoa"]
[Date "2017.03.18"]
[Round "3"]
[White "Rocha, Vitor Firmo de Souz"]
[Black "Macedo, Maximo Iack Miranda"]
[Result "1/2-1/2"]
[WhiteElo "2148"]
[BlackElo "2357"]
[PlyCount "56"]
[EventDate "2017.03.17"]
[EventType "swiss"]
[EventRounds "6"]
[EventCountry "BRA"]
[SourceTitle "CBM 177 Extra"]
[Source "ChessBase"]
[SourceDate "2017.04.27"]
[SourceVersion "1"]
[SourceVersionDate "2017.04.27"]
[SourceQuality "1"]

1. e4 g6 2. d4 Bg7 3. Nc3 d5 4. Nxd5 c6 5. Nc3 Qxd4 6. Qxd4 Bxd4 7. Nf3 Bg7 8. Be3 Nf6 9. a4 0-0 10. Bc4 a5 11. 0-0 Na6 12. Rfd1 Nd7 13. Bxa6 Rxa6 14. Rd3 Nb6 15. Rad1 Nc4 16. Bc1 Ra8 17. b3 Ne5 18. Nxe5 Bxe5 19. Bh6 Re8 20. Be3 Bc7 21. f3 f5 22. Bf2 Be6 23. exf5 Bxf5 24. Ne4 Rad8 25. Rxd8 Rxd8 26. Rxd8+ Bxd8 27. Kf1 Bc7 28. h3 Kf7 1/2-1/2